000 00357nam a2200133Ia 4500
005 20260328104249.0
008 260328s9999||||xx |||||||||||||| ||und||
100 _aWagner, Otto; Siguán, Jordi
245 0 _aLa Arquitectura de Nuestro Tiempo /
_cOtto; Siguán, Jordi Wagner
260 _bEl Croquis
300 _a156 p.
650 _aHISTORIA
942 _cBK
999 _c10174
_d10174